[Event "Prague op-B 19th"]
[White "Bjornes, Leif"]
[Black "Mach, Petr1"]
[Site "Prague"]
[Round "5"]
[Result "1/2-1/2"]
[Date "2020.01.13"]
[WhiteElo "1857"]
[BlackElo "1649"]
[PlyCount "56"]
[EventDate "2020.01.10"]
[EventType "swiss"]
[EventRounds "9"]
[EventCountry "CZE"]
[SourceTitle "CBM 195 Extra"]
[Source "ChessBase"]
[SourceDate "2020.05.31"]
[SourceVersion "1"]
[SourceVersionDate "2020.05.31"]
[SourceQuality "1"]

1. d4 d5 2. c4 c6 3. Nf3 Nf6 4. Nc3 e6 5. Bg5 Nbd7 6. e3 Qa5 7. Nd2 Bd6 8. Nb3 Qd8 9. Be2 dxc4 10. Bxc4 Qc7 11. e4 e5 12. d5 b5 13. dxc6 bxc4 14. cxd7+ Qxd7 15. Nd2 Ba6 16. 0-0 0-0 17. Bxf6 gxf6 18. Nd5 Be7 19. Re1 f5 20. Nxe7+ Qxe7 21. exf5 Qg5 22. Nf3 Qxf5 23. Rxe5 Qf6 24. Qc2 Rfe8 25. Rae1 Rxe5 26. Rxe5 Bb7 27. Rf5 Qe6 28. Re5 Kh8 1/2-1/2

[Event "NOR-ch Seniors 50"]
[White "Hansen, Svein Erik"]
[Black "Bjornes, Leif"]
[Site "Larvik"]
[Round "2"]
[Result "1/2-1/2"]
[Date "2019.07.06"]
[WhiteElo "2064"]
[BlackElo "1898"]
[PlyCount "84"]
[EventDate "2019.07.05"]
[EventType "swiss"]
[EventRounds "9"]
[EventCountry "NOR"]
[SourceTitle "EXT 2024"]
[Source "ChessBase"]
[SourceDate "2023.10.10"]
[SourceVersion "1"]
[SourceVersionDate "2023.10.10"]
[SourceQuality "1"]

1. d4 d5 2. c4 c6 3. Nc3 Nf6 4. Nf3 a6 5. e3 b5 6. cxd5 cxd5 7. Bd3 Nbd7 8. 0-0 e6 9. Bd2 Bb7 10. Rc1 Rc8 11. a4 b4 12. Ne2 Bd6 13. Ng3 a5 14. Qe2 0-0 15. Ng5 h6 16. Nh3 Qb6 17. b3 Rxc1 18. Rxc1 Rc8 19. f4 Rxc1+ 20. Bxc1 Qc7 21. Qc2 Qxc2 22. Bxc2 Ne4 23. Bd3 f5 24. Bb5 Nb8 25. Nf2 Nc3 26. Bd3 Ba6 27. Kf1 Bxd3+ 28. Nxd3 Nd7 29. Bd2 Ne4 30. Nxe4 fxe4 31. Nf2 Kf7 32. g3 Kg6 33. Ng4 Kf5 34. h3 h5 35. Nf2 Nf6 36. Kg2 Be7 37. Be1 Bd6 38. Nh1 Be7 39. Bd2 Bd6 40. Be1 Be7 41. Bd2 Bd6 42. Be1 Be7 1/2-1/2

[Event "Helsingor Xtracon op"]
[White "Hojgaard, Brandur"]
[Black "Bjornes, Leif"]
[Site "Helsingor"]
[Round "7"]
[Result "1/2-1/2"]
[Date "2017.07.27"]
[WhiteElo "1747"]
[BlackElo "1934"]
[PlyCount "34"]
[EventDate "2017.07.22"]
[EventType "swiss"]
[EventRounds "10"]
[EventCountry "DEN"]
[SourceTitle "CBM 179 Extra"]
[Source "ChessBase"]
[SourceDate "2017.08.23"]
[SourceVersion "1"]
[SourceVersionDate "2017.08.23"]
[SourceQuality "1"]

1. d4 d5 2. Nf3 Nf6 3. Bf4 e6 4. e3 c5 5. c3 Nc6 6. Nbd2 cxd4 7. exd4 Bd6 8. Bg3 0-0 9. Bd3 Re8 10. 0-0 e5 11. dxe5 Nxe5 12. Nxe5 Bxe5 13. Qc2 Bg4 14. Nb3 Bxg3 15. hxg3 Bh5 16. Nd4 Bg6 17. Bxg6 hxg6 1/2-1/2

[Event "Helsingor Xtracon op"]
[White "Bjornes, Leif"]
[Black "Palozza, Christian"]
[Site "Helsingor"]
[Round "6"]
[Result "0-1"]
[Date "2017.07.26"]
[WhiteElo "1934"]
[BlackElo "2178"]
[PlyCount "68"]
[EventDate "2017.07.22"]
[EventType "swiss"]
[EventRounds "10"]
[EventCountry "DEN"]
[SourceTitle "CBM 179 Extra"]
[Source "ChessBase"]
[SourceDate "2017.08.23"]
[SourceVersion "1"]
[SourceVersionDate "2017.08.23"]
[SourceQuality "1"]

1. d4 Nf6 2. c4 e6 3. Nc3 Bb4 4. Qc2 0-0 5. a3 Bxc3+ 6. bxc3 b6 7. Bg5 d6 8. e3 Bb7 9. Nf3 Nbd7 10. Bd3 h6 11. Bh4 e5 12. Bf5 Qe8 13. 0-0-0 g6 14. Bxd7 Nxd7 15. Rhg1 f5 16. h3 Qf7 17. Nd2 Rae8 18. f3 exd4 19. exd4 Re2 20. Rde1 Rfe8 21. Qd3 R8e3 22. Qc2 Qe6 23. Rxe2 Rxe2 24. Qd3 Re3 25. Qc2 Ba6 26. Qb3 c5 27. d5 Qe5 28. Kc2 Re2 29. Kd1 Qe3 30. Be1 Rxd2+ 31. Bxd2 Qxg1+ 32. Kc2 Qf1 33. Qa4 Bxc4 34. Qxd7 Bd3+ 0-1

[Event "NOR-ch Klasse1"]
[White "Kvendseth, Cornelius"]
[Black "Bjornes, Leif"]
[Site "Stavanger"]
[Round "2"]
[Result "1/2-1/2"]
[Date "2017.07.01"]
[WhiteElo "2002"]
[BlackElo "1934"]
[PlyCount "32"]
[EventDate "2017.07.01"]
[EventType "swiss"]
[EventRounds "9"]
[EventCountry "NOR"]
[SourceTitle "EXT 2018"]
[Source "ChessBase"]
[SourceDate "2017.10.13"]
[SourceVersion "1"]
[SourceVersionDate "2017.10.13"]
[SourceQuality "1"]

1. Nf3 d5 2. g3 Nf6 3. Bg2 g6 4. d4 Bg7 5. 0-0 0-0 6. c4 c6 7. Nc3 Ne4 8. cxd5 Nxc3 9. bxc3 cxd5 10. Qb3 Nc6 11. Nd2 e6 12. e4 Na5 13. Qc2 b6 14. exd5 exd5 15. Re1 Ba6 16. Bb2 Rc8 1/2-1/2

[Event "Politiken Cup 37th"]
[White "Bjornes, Leif"]
[Black "Lund, Per"]
[Site "Helsingor"]
[Round "9"]
[Result "0-1"]
[Date "2015.08.01"]
[WhiteElo "1867"]
[BlackElo "2029"]
[PlyCount "74"]
[EventDate "2015.07.25"]
[EventType "swiss"]
[EventRounds "10"]
[EventCountry "DEN"]
[SourceTitle "CBM 167 Extra"]
[Source "ChessBase"]
[SourceDate "2015.09.14"]
[SourceVersion "1"]
[SourceVersionDate "2015.09.14"]
[SourceQuality "1"]

1. d4 d5 2. c4 e6 3. Nc3 Nf6 4. Bg5 Nbd7 5. e3 c6 6. Nf3 Qa5 7. Nd2 dxc4 8. Bxf6 Nxf6 9. Nxc4 Qc7 10. Be2 Be7 11. 0-0 Bd7 12. Rc1 0-0 13. Bf3 Rac8 14. e4 Rfd8 15. Qe2 b5 16. Ne5 Qb6 17. Rfd1 Be8 18. Qe3 c5 19. d5 b4 20. Ne2 Qb8 21. Nc4 exd5 22. exd5 Bd6 23. g3 Bb5 24. Nxd6 Qxd6 25. Nf4 Re8 26. Qd2 a5 27. Re1 h6 28. h4 c4 29. Qd4 Rxe1+ 30. Rxe1 c3 31. Rc1 Rc4 32. Qd1 cxb2 33. Rxc4 Bxc4 34. Qc2 Qe5 35. Kg2 Qc3 36. Qf5 Bxa2 37. Bh5 Nxh5 0-1

[Event "Politiken Cup 37th"]
[White "Bjornes, Leif"]
[Black "Kvisvik, Brede Alexander"]
[Site "Helsingor"]
[Round "2"]
[Result "0-1"]
[Date "2015.07.26"]
[WhiteElo "1867"]
[BlackElo "2304"]
[PlyCount "84"]
[EventDate "2015.07.25"]
[EventType "swiss"]
[EventRounds "10"]
[EventCountry "DEN"]
[SourceTitle "CBM 167 Extra"]
[Source "ChessBase"]
[SourceDate "2015.09.14"]
[SourceVersion "1"]
[SourceVersionDate "2015.09.14"]
[SourceQuality "1"]

1. d4 f5 2. Nf3 Nf6 3. Bg5 e6 4. Nbd2 Be7 5. Bxf6 Bxf6 6. e4 d5 7. e5 Be7 8. Bd3 0-0 9. Qe2 c5 10. c3 Nc6 11. dxc5 Bxc5 12. Nb3 Be7 13. 0-0-0 Bd7 14. Rhg1 Rc8 15. Kb1 a5 16. g4 f4 17. g5 a4 18. Nbd4 a3 19. b3 Nxd4 20. cxd4 Be8 21. g6 h6 22. Rc1 Bc6 23. Rg4 Qa5 24. Rgg1 Bb4 25. Ng5 hxg5 26. Qh5 Rfe8 27. Rxg5 Kf8 28. Qh7 Ke7 29. Qxg7+ Kd8 30. Qf6+ Be7 31. Qxf4 Bxg5 32. Qxg5+ Kc7 33. g7 Kb8 34. Bh7 Bb5 35. h4 Qb4 36. Qe3 Ka7 37. h5 Bc4 38. Bc2 Rc7 39. h6 Rec8 40. Qg3 Be2 41. Qe3 Rxc2 42. Rxc2 Bd3 0-1

[Event "Politiken Cup 35th"]
[White "Bjornes, Leif"]
[Black "Heimisson, Hilmir Freyr"]
[Site "Helsingor"]
[Round "4"]
[Result "1/2-1/2"]
[Date "2013.07.29"]
[WhiteElo "1918"]
[BlackElo "1690"]
[PlyCount "34"]
[EventDate "2013.07.27"]
[EventType "swiss"]
[EventRounds "10"]
[EventCountry "DEN"]
[SourceTitle "CBM 155 Extra"]
[Source "ChessBase"]
[SourceDate "2013.08.26"]
[SourceVersion "1"]
[SourceVersionDate "2013.08.26"]
[SourceQuality "1"]

1. d4 d5 2. c4 c6 3. Nf3 Nf6 4. Nc3 e6 5. Bg5 Bb4 6. Qc2 dxc4 7. e3 b5 8. Ne5 h6 9. Bh4 Bb7 10. Be2 g5 11. Bg3 c5 12. 0-0-0 Qa5 13. dxc5 Bxc3 14. Qxc3 Qxc3+ 15. bxc3 Bxg2 16. Rhg1 Bd5 17. f3 g4 1/2-1/2

[Event "Fagernes Norsk op"]
[White "Kasparov, Sergey"]
[Black "Bjornes, Leif"]
[Site "Fagernes"]
[Round "3"]
[Result "1-0"]
[Date "2012.04.30"]
[WhiteElo "2503"]
[BlackElo "1988"]
[PlyCount "87"]
[EventDate "2012.04.28"]
[EventType "swiss"]
[EventRounds "9"]
[EventCountry "NOR"]
[SourceTitle "CBM 148 Extra"]
[Source "ChessBase"]
[SourceDate "2012.06.22"]
[SourceVersion "1"]
[SourceVersionDate "2012.06.22"]
[SourceQuality "1"]

1. e4 c6 2. d4 d5 3. Nc3 dxe4 4. Nxe4 Nf6 5. Nxf6+ gxf6 6. c3 Bf5 7. Nf3 e6 8. g3 Qd5 9. Bg2 Qc4 10. Bf1 Qd5 11. Qe2 Nd7 12. Bg2 Qe4 13. Be3 Qd3 14. Nh4 Qxe2+ 15. Kxe2 Bg6 16. g4 h5 17. h3 Be7 18. f4 f5 19. g5 0-0 20. Rad1 Nb6 21. Nf3 f6 22. gxf6 Bxf6 23. Ne5 Bxe5 24. dxe5 Rad8 25. h4 Nd5 26. c4 Nxe3 27. Kxe3 c5 28. Bxb7 Rb8 29. Rhg1 Kh7 30. Bf3 Rxb2 31. Rg2 Rb6 32. Rd3 Rf7 33. Rgd2 Kh6 34. Rd6 Rc7 35. Rxb6 axb6 36. Rd6 Bf7 37. Rxb6 Ra7 38. Rb5 Rxa2 39. Be2 Ra1 40. Kf2 Rh1 41. Bf3 Rh2+ 42. Kg3 Rc2 43. Rxc5 Rc3 44. Rc8 1-0

[Event "Fagernes Norsk op-A"]
[White "Bjornes, Leif"]
[Black "Grundekjon, Christian S"]
[Site "Fagernes"]
[Round "9"]
[Result "0-1"]
[Date "2011.04.23"]
[WhiteElo "1994"]
[BlackElo "2018"]
[PlyCount "84"]
[EventDate "2011.04.17"]
[EventType "swiss"]
[EventRounds "9"]
[EventCountry "NOR"]
[SourceTitle "CBM 141 Extra"]
[Source "ChessBase"]
[SourceDate "2011.05.03"]
[SourceVersion "1"]
[SourceVersionDate "2011.05.03"]
[SourceQuality "1"]

1. d4 Nf6 2. c4 e5 3. dxe5 Ng4 4. Bf4 Nc6 5. Nf3 Bb4+ 6. Nc3 Qe7 7. Qd5 f6 8. exf6 Nxf6 9. Qd3 d6 10. e3 Ne4 11. Nd4 0-0 12. Be2 Bxc3+ 13. bxc3 Nc5 14. Qc2 Bd7 15. 0-0 g5 16. Bg3 Rf6 17. Rab1 Raf8 18. Bf3 Kh8 19. Qe2 Ne5 20. Bxb7 c6 21. Bxe5 dxe5 22. Nxc6 Bxc6 23. Bxc6 Rxc6 24. Rfd1 Rf7 25. Rf1 e4 26. f3 exf3 27. gxf3 Qe5 28. Rb5 a6 29. Ra5 Qc7 30. Ra3 a5 31. Qg2 a4 32. Kh1 h6 33. Rd1 Rd6 34. Rd4 Rdf6 35. Qh3 Qe7 36. f4 gxf4 37. Rxf4 Kh7 38. Qh4 Qb7+ 39. Kg1 Rxf4 40. exf4 Rg7+ 41. Kf2 Qb2+ 42. Ke3 Qxa3 0-1

[Event "Fagernes Norsk op-A"]
[White "Bjornes, Leif"]
[Black "Taksrud, Vidar"]
[Site "Fagernes"]
[Round "3"]
[Result "1-0"]
[Date "2011.04.17"]
[WhiteElo "1994"]
[BlackElo "2088"]
[PlyCount "83"]
[EventDate "2011.04.17"]
[EventType "swiss"]
[EventRounds "9"]
[EventCountry "NOR"]
[SourceTitle "CBM 141 Extra"]
[Source "ChessBase"]
[SourceDate "2011.05.03"]
[SourceVersion "1"]
[SourceVersionDate "2011.05.03"]
[SourceQuality "1"]

1. d4 Nf6 2. c4 e6 3. Nc3 Bb4 4. a3 Bxc3+ 5. bxc3 c5 6. f3 d5 7. cxd5 exd5 8. e3 0-0 9. Bd3 Nc6 10. Ne2 c4 11. Bc2 Re8 12. Ng3 b5 13. 0-0 a5 14. e4 b4 15. axb4 dxe4 16. Nxe4 Nd5 17. Bd2 f5 18. Ng3 Rf8 19. Re1 Bd7 20. Qe2 Rc8 21. bxa5 Re8 22. Qxc4 Ncb4 23. Qb3 Nxc2 24. Qxc2 Rxe1+ 25. Bxe1 f4 26. Ne4 Bb5 27. Bf2 Ne3 28. Qb3+ Bc4 29. Qb6 Qf8 30. a6 Nc2 31. Rb1 Bd5 32. a7 Na3 33. Rb4 Nc2 34. Rb2 Na3 35. Qb8 Nc4 36. Qxc8 Nxb2 37. Qxf8+ Kxf8 38. Nd6 Na4 39. c4 Ba8 40. Nb5 Ke7 41. Nc7 Nb6 42. d5 1-0

[Event "Fagernes Norsk op-A"]
[White "Lindblom, Roar"]
[Black "Bjornes, Leif"]
[Site "Fagernes"]
[Round "6"]
[Result "1/2-1/2"]
[Date "2011.04.17"]
[WhiteElo "1974"]
[BlackElo "1994"]
[PlyCount "48"]
[EventDate "2011.04.17"]
[EventType "swiss"]
[EventRounds "9"]
[EventCountry "NOR"]
[SourceTitle "CBM 141 Extra"]
[Source "ChessBase"]
[SourceDate "2011.05.03"]
[SourceVersion "1"]
[SourceVersionDate "2011.05.03"]
[SourceQuality "1"]

1. d4 d5 2. c4 c6 3. Nc3 Nf6 4. e3 a6 5. a4 Bf5 6. Nf3 Nbd7 7. cxd5 cxd5 8. Bd3 Bxd3 9. Qxd3 e6 10. 0-0 Bd6 11. b3 0-0 12. Ba3 Bxa3 13. Rxa3 Qa5 14. Raa1 Rfc8 15. Rfc1 Rc6 16. Nd2 Rac8 17. Ne2 e5 18. Rxc6 Rxc6 19. e4 exd4 20. exd5 Qxd5 21. Qxd4 Rc2 22. Qxd5 Nxd5 23. Rd1 Kf8 24. Kf1 N7f6 1/2-1/2